| 000 | 02060cam a22004095a 4500 | ||
|---|---|---|---|
| 001 | 16998560 | ||
| 005 | 20160828125411.0 | ||
| 008 | 111013s2012 nyua b 001 0 eng d | ||
| 010 | _a 2011941143 | ||
| 015 |
_aGBB1A2610 _2bnb |
||
| 016 | 7 |
_a015879508 _2Uk |
|
| 020 | _a9781447122388 (hbk. : alk. paper)) | ||
| 020 | _a1447122380 (hbk. : alk. paper) | ||
| 035 | _a(OCoLC)ocn751835568 | ||
| 040 |
_aUKMGB _beng _cUKMGB _dEG-ScBUE |
||
| 042 | _alccopycat | ||
| 082 | 0 | 4 |
_a005.1 _222 _bSOF |
| 245 | 0 | 0 |
_aSoftware and systems traceability / _cJane Cleland-Huang, Orlena Gotel, Andrea Zisman, editors ; foreword by Anthony Finkelstein. |
| 260 |
_aNew York ; _aLondon : _bSpringer-Verlage, _cc.2012. |
||
| 300 |
_axvii, 491 p. : _bill. ; _c24 cm. |
||
| 500 | _aIndex : p.487- 491. | ||
| 504 | _aIncludes bibliographical references. | ||
| 505 | _apt. 1. Traceability strategy -- pt. 2. Traceability creation -- pt. 3. Traceability maintenance -- pt. 4. Traceability use -- pt. 5. Traceability challenges. | ||
| 520 | _aThis book offers a comprehensive description of the practices and theories of software traceability across all phases of the software development lifecycle, focusing on such concepts as reuse of system components, analysis, validation and more. | ||
| 650 | 7 |
_aSoftware engineering. _2BUEsh _93832 |
|
| 650 | 7 |
_aComputer software _xQuality control. _2BUEsh _94818 |
|
| 650 | 7 |
_aComputer software _xDevelopment. _2BUEsh _911535 |
|
| 651 | _2BUEsh | ||
| 653 |
_bCOMSCI _cAugust 2016 |
||
| 700 | 1 |
_aZisman, Andrea _940926 _eeditor. |
|
| 700 | 1 |
_aCleland-Huang, Jane. _940927 _eeditor. |
|
| 700 | 1 |
_aGotel, Orlena. _940928 _eeditor. |
|
| 700 | 1 |
_aFinkelstein, Anthony _d1959- _940929 |
|
| 856 |
_aSpringer Link E-books _qE-book _uhttp://link.springer.com/book/10.1007/978-1-4471-2239-5 _yFull text available on campus access |
||
| 856 |
_aSpringer Link E-books _qE-book _uhttp://41.33.243.106:2048/login?url=http://link.springer.com/book/10.1007/978-1-4471-2239-5 _yFull text available off campus access |
||
| 942 |
_2ddc _e22 _k005.1 SOF |
||
| 999 |
_c22253 _d22225 |
||